000 01408 a2200253 4500
001 234
005 20260407155415.0
008 260407a2008 arg spa d
003 AR-UNSa-BCEJYS
040 _aAR-UNSa-BCEJYS
_bspa
_cAR-UNSa-BCEJYS
080 _a347.7
_xDerecho Mercantil. Derecho Comercial
245 1 0 _aDerecho Comercial
020 _a978-950-20-1818-8
250 _a2a. ed
264 1 _aBuenos Aires :
_bAbeledo Perrot
_c2008
300 _a2 v. (981,709)
_c23 cm.
505 _aVol.1 Contiene: 1. Concepto, evolución y ambito 2. Acto de comercio 3. La empresa 4. Propiedad industrial 5. El comerciante 6. Obligaciones de los comerciantes 7. Sociedades comerciales 8. Sociedades comerciales. generalidades 9. Clasificación de las sociedades 10. Sociedades por acciones. sociedad anónima 11. Sociedad anónima. Organos 12. Sociedad en comandita por acciones y sociedades cooperativas Vol.2 Contiene: 1. Consideraciones generales 2. Caracteres de los títulos de crédito 3. Clasificación de los títulos de crédito 4. Doctrina cambiaria 5. La causa 6. EL derecho cambiario y su evolución
942 _cBK
590 _aniveau_biblio:m niveau_hierar:0
100 1 _aGarrone, José Alberto
700 1 _aLópez, Gastón Federico
700 1 _aRecca, Claudia M.
856 4 1 _uhttps://biblioeco.unsa.edu.ar/pmb/images/libros/Derecho Comercial-l117515.jpg
_yImagen de portada
_qimage/jpeg
999 _c149
_d149